Statistics for Kobe Municipal Subway- All Stations

Click here to take the quiz!

General Stats

  • This quiz has been taken 29 times
  • The average score is 15 of 26

Answer Stats

HintAnswer% Correct
Seishin Yamate LineSannomiya
92%
Seishin Yamate LineShin-Kobe
88%
Seishin Yamate LineSeishin Chuo
79%
Kaigan LineShin-Nagata
71%
Seishin Yamate LineTanigami
67%
Seishin Yamate LineMyodani
63%
Seishin Yamate LineMyohoji
63%
Seishin Yamate LineNagata (Nagatajinjamae)
63%
Seishin Yamate LineSeishin Minami
63%
Seishin Yamate LineGakuen-Toshi
58%
Seishin Yamate LineIkawadani
58%
Seishin Yamate LineItayado
58%
Seishin Yamate LineKenchomae
58%
Seishin Yamate LineSogo Undo Koen
58%
Kaigan LineSannomiya Hanadokeimae
50%
Kaigan LineWadamisaki
50%
Kaigan LineHarborland
46%
Seishin Yamate LineKamisawa
46%
Seishin Yamate LineMinatogawa Koen
46%
Kaigan LineMinato Motomachi
46%
Kaigan LineMisaki Koen
46%
Seishin Yamate LineOkurayama
46%
Kaigan LineKomagabayashi
42%
Kaigan LineKarumo
33%
Kaigan LineKyukyoryuchi-Daimarumae
33%
Kaigan LineChuo Ichibamae
29%

Score Distribution

Percentile by Number Answered

Percent of People with Each Score

Your Score History

You have not taken this quiz